000 00660cab a2200217 4500
001 ABS56169
008 090401t1996 xxu||||| |||| 00| 0 eng d
035 _a(Sirsi) u21698
041 _aeng
100 _aAnstey, J.
245 _aEverybody needs good neighbours
260 _c1996
350 _a0
490 _aCSM (Chartered Surveyor Monthly)
_v6(3) November/December 1996, 34-35(2)
520 _aSecond article reviewing provisions of the Party Wall Etc Act 1996. (See also ABS55941).
650 _aPARTY WALL ETC ACT 1996
650 _aParty walls
_96258
690 _aBUILT ENVIRONMENT-BUILDING INSPECTION
942 _n0
948 _c04/03/1997
999 _c14549
_d14549